000 00393nam a22001457a 4500
008 220207b |||||||| |||| 00| 0 eng d
020 _a1403151575
100 _aHubbard L. Ron
245 _aThe way to happiness
_ba common sense guide to better living
260 _aUSA
_bBridge publication
_c2009
300 _a248p.
650 _aConduct of life
650 _bHappiness
942 _2lcc
_cRES
999 _c19190
_d19189